000 00858cam a2200217 i 4500
005 20260120103721.0
008 250721s1999 le gr 000 0 ara d
082 1 4 _a952
_bض ا ه
100 1 _aضاهر، مسعود
_eمؤلف.
245 1 2 _aالنهضة العربية والنهضة اليابانية :
_bتشابه المقدمات وإختلاف النتائج /
_cالدكتور مسعود ضاهر.
250 _aالطبعة الاولى.
264 3 1 _aالكويت :
_bالمجلس الوطني للثقافة و الفنون و الآداب،
_c1999.
300 _a399صفحة.
650 1 7 _aالتاريخ.
650 1 7 _aاليابان.
650 1 7 _aتاريخ العرب.
650 1 7 _aالنهضة اليابانية.
650 1 7 _aالنهضة العربية.
942 _2ddc
_cBK
999 _c75519
_d75519